| 000 | 00772nam a2200241Ia 4500 | ||
|---|---|---|---|
| 003 | OSt | ||
| 005 | 20220926010605.0 | ||
| 006 | a|||||r|||| 00| 0 | ||
| 007 | ta | ||
| 008 | 220923b |||||||| |||| 00| 0 eng d | ||
| 037 | _cGeneral Book | ||
| 040 |
_aRTL _cRTL _beng |
||
| 041 |
_2eng _aeng |
||
| 082 | _aX:75:(B).58.N7, K7 | ||
| 100 |
_aZauberman Alfred _9129380 |
||
| 245 | 0 | _aAspects of planometrics | |
| 260 |
_aNew Haven _bYale University Press _c1967 |
||
| 300 |
_axiii,318p. _ccm. |
||
| 490 | _aLondon School of Economics and Political Science, Papers in Soviet and East Eropean law, economics and politics. 2 | ||
| 650 | _aPlanned Economy | ||
| 942 |
_hX:75:(B).58.N7, K7 _cGB _2CC |
||
| 999 |
_c617690 _d617690 |
||